<?xml version="1.0" encoding="UTF-8"?>
<record
    xmlns:xsi="http://www.w3.org/2001/XMLSchema-instance"
    xsi:schemaLocation="http://www.loc.gov/MARC21/slim http://www.loc.gov/standards/marcxml/schema/MARC21slim.xsd"
    xmlns="http://www.loc.gov/MARC21/slim">

  <leader>03620cam a22004814i 4500</leader>
  <controlfield tag="003">PE-LiUPU</controlfield>
  <controlfield tag="005">20250731172903.0</controlfield>
  <controlfield tag="008">170117s2015    xxu     rb    001 0 eng d</controlfield>
  <datafield tag="020" ind1=" " ind2=" ">
    <subfield code="a">0310517958</subfield>
  </datafield>
  <datafield tag="020" ind1=" " ind2=" ">
    <subfield code="a">9780310517955</subfield>
  </datafield>
  <datafield tag="035" ind1=" " ind2=" ">
    <subfield code="a">(Sirsi) a166158</subfield>
  </datafield>
  <datafield tag="040" ind1=" " ind2=" ">
    <subfield code="a">PE-LiUPU</subfield>
    <subfield code="b">spa</subfield>
    <subfield code="c">PE-LiUPU</subfield>
    <subfield code="e">rda</subfield>
  </datafield>
  <datafield tag="049" ind1=" " ind2=" ">
    <subfield code="a">PRUA</subfield>
  </datafield>
  <datafield tag="082" ind1="0" ind2="4">
    <subfield code="a">227.106</subfield>
    <subfield code="b">R3</subfield>
    <subfield code="2">23</subfield>
  </datafield>
  <datafield tag="245" ind1="0" ind2="0">
    <subfield code="a">Reading Romans in context :</subfield>
    <subfield code="b">Paul and Second Temple Judaism /</subfield>
    <subfield code="c">Ben C. Blackwell, John K. Goodrich, &amp; Jason Maston, editors ; foreword by Francis Watson.</subfield>
  </datafield>
  <datafield tag="264" ind1=" " ind2="1">
    <subfield code="a">Grand Rapids, Michigan :</subfield>
    <subfield code="b">Zondervan,</subfield>
    <subfield code="c">[2015]</subfield>
  </datafield>
  <datafield tag="300" ind1=" " ind2=" ">
    <subfield code="a">192 p&#xE1;ginas ;</subfield>
    <subfield code="c">23 centimetros</subfield>
  </datafield>
  <datafield tag="336" ind1=" " ind2=" ">
    <subfield code="a">text</subfield>
    <subfield code="2">rdacontent</subfield>
  </datafield>
  <datafield tag="337" ind1=" " ind2=" ">
    <subfield code="a">unmediated</subfield>
    <subfield code="2">rdamedia</subfield>
  </datafield>
  <datafield tag="338" ind1=" " ind2=" ">
    <subfield code="a">volume</subfield>
    <subfield code="2">rdacarrier</subfield>
  </datafield>
  <datafield tag="504" ind1=" " ind2=" ">
    <subfield code="a">Bibliograf&#xED;a: final de cada cap&#xED;tulo.</subfield>
  </datafield>
  <datafield tag="504" ind1=" " ind2=" ">
    <subfield code="a">&#xCD;ndices: p&#xE1;ginas 181-190.</subfield>
  </datafield>
  <datafield tag="505" ind1="0" ind2=" ">
    <subfield code="a">tPsalms of Solomon and Romans 1:1-17: the "Son of God" and the identity of Jesus /</subfield>
    <subfield code="r">Wesley Hill --</subfield>
    <subfield code="t">Wisdom of Solomon and Romans 1:18-2:5: God's wrath against all /</subfield>
    <subfield code="r">Jonathan A. Linebaugh --</subfield>
    <subfield code="t">Jubilees and Romans 2:6-29: circumcision, law observance, and ethnicity /</subfield>
    <subfield code="r">Sarah Whittle --</subfield>
    <subfield code="t">4QMMT and Romans 3:1-20: works of the law and justification /</subfield>
    <subfield code="r">Jason Maston and Aaron Sherwood --</subfield>
    <subfield code="t">Epistle of Enoch and Romans 3:21-31: The revelation of God's righteousness /</subfield>
    <subfield code="r">Jonathan A. Linebaugh --</subfield>
    <subfield code="t">Sirach and Romans 4:1-25: the faith of Abraham /</subfield>
    <subfield code="r">Mariam J. Kamell --</subfield>
    <subfield code="t">Community rule and Romans 5:1-11: the relationship between justification and suffering /</subfield>
    <subfield code="r">Mark D. Mathews --</subfield>
    <subfield code="t">Philo of Alexandria and Romans 5:12-21: Adam, death, and grace /</subfield>
    <subfield code="r">Jonathan Worthington --</subfield>
    <subfield code="t">Wisdom of Solomon and Romans 6:1-23: slavery to personified powers /</subfield>
    <subfield code="r">Joseph R. Dodson --</subfield>
    <subfield code="t">Sirach and Romans 7:1-25: the human, the law, and sin /</subfield>
    <subfield code="r">Jason Maston --</subfield>
    <subfield code="t">4 Ezra and Romans 8:1-13: the liberating power of Christ and the Spirit /</subfield>
    <subfield code="r">Kyle B. Wells --</subfield>
    <subfield code="t">Greek life of Adam and Eve and Romans 8:14-39: (re-)creation and glory /</subfield>
    <subfield code="r">Ben C. Blackwell --</subfield>
    <subfield code="t">Philo of Alexandria and Romans 9:1-29: grace, mercy, and reason /</subfield>
    <subfield code="r">Orrey McFarland --</subfield>
    <subfield code="t">Philo of Alexandria and Romans 9:30-10:21: the commandment and the quest for the good life /</subfield>
    <subfield code="r">David Lincicum --</subfield>
    <subfield code="t">Tobit and Romans 11:1-36: Israel's salvation and the fulfillment of God's word /</subfield>
    <subfield code="r">John K. Goodrich --</subfield>
    <subfield code="t">4 Maccabees and Romans 12:1-21: reason and the righteous life /</subfield>
    <subfield code="r">Ben C. Dunson --</subfield>
    <subfield code="t">Josephus and Romans 13:1-14: providence and imperial power /</subfield>
    <subfield code="r">Dean Pinter --</subfield>
    <subfield code="t">1 Maccabees and Romans 14:1-15:13: embodying the hospitable kingdom community /</subfield>
    <subfield code="r">Nijay K. Gupta --</subfield>
    <subfield code="t">Tobit and Romans 15:14-33: Jewish almsgiving and the collection /</subfield>
    <subfield code="r">David E. Briones --</subfield>
    <subfield code="t">Synagogue Inscriptions and Romans 16:1-27: women and Christian ministry /</subfield>
    <subfield code="r">Susan Mathew.</subfield>
  </datafield>
  <datafield tag="526" ind1=" " ind2=" ">
    <subfield code="a">SEG42</subfield>
  </datafield>
  <datafield tag="526" ind1=" " ind2=" ">
    <subfield code="a">SEG41</subfield>
  </datafield>
  <datafield tag="526" ind1=" " ind2=" ">
    <subfield code="a">SEG40</subfield>
  </datafield>
  <datafield tag="526" ind1=" " ind2=" ">
    <subfield code="a">SEG39</subfield>
  </datafield>
  <datafield tag="526" ind1=" " ind2=" ">
    <subfield code="a">P94</subfield>
  </datafield>
  <datafield tag="526" ind1=" " ind2=" ">
    <subfield code="a">P87</subfield>
  </datafield>
  <datafield tag="526" ind1=" " ind2=" ">
    <subfield code="a">P86</subfield>
  </datafield>
  <datafield tag="526" ind1=" " ind2=" ">
    <subfield code="a">P85</subfield>
  </datafield>
  <datafield tag="526" ind1=" " ind2=" ">
    <subfield code="a">P77</subfield>
  </datafield>
  <datafield tag="526" ind1=" " ind2=" ">
    <subfield code="a">P76</subfield>
  </datafield>
  <datafield tag="526" ind1=" " ind2=" ">
    <subfield code="a">P35</subfield>
  </datafield>
  <datafield tag="650" ind1="0" ind2="4">
    <subfield code="a">Juda&#xED;smo</subfield>
    <subfield code="x">Historia</subfield>
    <subfield code="y">Post-per&#xED;odo ex&#xED;lico, 586 B.C.-210 A.D.</subfield>
  </datafield>
  <datafield tag="650" ind1="0" ind2="4">
    <subfield code="a">Biblia. Romanos-Cr&#xED;tica, interpretaci&#xF3;n, etc.</subfield>
  </datafield>
  <datafield tag="910" ind1=" " ind2=" ">
    <subfield code="a">jck</subfield>
    <subfield code="b">jvq</subfield>
    <subfield code="c">jck</subfield>
    <subfield code="d">20170117.</subfield>
  </datafield>
  <datafield tag="942" ind1=" " ind2=" ">
    <subfield code="2">ddc</subfield>
    <subfield code="c">BOOK</subfield>
  </datafield>
  <datafield tag="949" ind1=" " ind2=" ">
    <subfield code="a">227.106 R3</subfield>
    <subfield code="w">DEWEY</subfield>
    <subfield code="c">1</subfield>
    <subfield code="i">75566</subfield>
    <subfield code="l">CATALOGING</subfield>
    <subfield code="m">BUL</subfield>
    <subfield code="p">16.00</subfield>
    <subfield code="r">0</subfield>
    <subfield code="s">Y</subfield>
    <subfield code="t">BOOK</subfield>
    <subfield code="u">2017-01-17</subfield>
    <subfield code="x">TEOLOGIA</subfield>
    <subfield code="z">POSGRADO TEOLOG&#xCD;A</subfield>
    <subfield code="0">COMPRA</subfield>
    <subfield code="o">.CIRCNOTE. El documento es de alto precio.</subfield>
    <subfield code="o">.STAFF. Colecci&#xF3;n Teolog&#xED;a</subfield>
  </datafield>
  <datafield tag="596" ind1=" " ind2=" ">
    <subfield code="a">1</subfield>
  </datafield>
  <datafield tag="999" ind1=" " ind2=" ">
    <subfield code="a">227.106 R3</subfield>
    <subfield code="w">LC</subfield>
    <subfield code="c">14896</subfield>
    <subfield code="i">75566</subfield>
    <subfield code="d">14896</subfield>
    <subfield code="f">2021-11-9</subfield>
    <subfield code="g">5</subfield>
    <subfield code="l">CCODEBUL1</subfield>
    <subfield code="m">BUL</subfield>
    <subfield code="p">16.00</subfield>
    <subfield code="q">2</subfield>
    <subfield code="r">0</subfield>
    <subfield code="s">Y</subfield>
    <subfield code="t">BOOK</subfield>
    <subfield code="u">2017-1-17</subfield>
    <subfield code="x">TEOLOGIA</subfield>
    <subfield code="P">P85</subfield>
    <subfield code="0">COMPRA</subfield>
    <subfield code="o">.STAFF. Colecci&#xF3;n Teolog&#xED;a</subfield>
  </datafield>
  <datafield tag="980" ind1=" " ind2=" ">
    <subfield code="8">1</subfield>
    <subfield code="g">ALBERTO SANCHEZ Responsable de Automatizaci&#xF3;n</subfield>
  </datafield>
  <datafield tag="952" ind1=" " ind2=" ">
    <subfield code="r">2025-12-03 00:00:00</subfield>
    <subfield code="i">6</subfield>
    <subfield code="l">0</subfield>
    <subfield code="o">227.106 R3</subfield>
    <subfield code="p">75566</subfield>
    <subfield code="t">e1</subfield>
    <subfield code="v">21.00</subfield>
    <subfield code="w">2017-01-17</subfield>
    <subfield code="x">PG</subfield>
    <subfield code="y">BK</subfield>
    <subfield code="z">inventario-2023-12-13</subfield>
    <subfield code="1">0</subfield>
    <subfield code="2">ddc</subfield>
    <subfield code="5">0</subfield>
    <subfield code="7">0</subfield>
    <subfield code="8">GEN</subfield>
    <subfield code="f">P85</subfield>
    <subfield code="a">BUL</subfield>
    <subfield code="b">BUL</subfield>
    <subfield code="c">GEN</subfield>
    <subfield code="d">2017-01-17</subfield>
    <subfield code="e">COMPRA</subfield>
    <subfield code="g">16.00</subfield>
  </datafield>
</record>
